000 00402nam a2200145Ia 4500
008 231217s9999 xx 000 0 und d
041 _aEnglish
082 _a338.43621385 SAN;1 R
100 _aSangeetha, K. Sivarajadhanavel, P ed.
245 0 _aNokia inc : a global mobile leader
260 _c2007
_bIcfai
_aHyderabad
300 _aviii, 333
650 _aNokia,inc,global,leader
942 _cAA
999 _c187602
_d187602